00679cam a2200145 i 4500020001500000082001700015245004700032260027400079300001800353500002000371650004600391650004600437700002800483700002200511 a044486012600a025/.065 DAT00aData handling for science and technology : aAmsterdam ;aNew York :bPublished by North-Holland Pub. Co. for Committee on Data for Science and Technology and United Nations Educational, Scientific and Cultural Organization ;aNew York :bsole distributors for the U.S.A. and Canada, Elsevier-North Holland,c1980. axvi, 184 p. ; aIncludes index. 0aInformation storage and retrieval systems 0aInformation storage and retrieval systems1 aRossmassler, Stephen A.1 aWatson, David G.,